Statystyki dla Jakie to miasto w Polsce

Kliknij tutaj aby rozwiązać quiz!

Ogólne statystyki

  • Ten quiz został rozwiązany 169 razy
  • Średni wynik to 7 z 8

Statystyki odpowiedzi

Odpowiedź% Poprawnych
Kraków
99%
Warszawa
98%
Poznań
93%
Gdynia
91%
Wrocław
86%
Toruń
71%
Lublin
60%
Bydgoszcz
56%

Rozkład punktacji

Percentyl według liczby udzielonych odpowiedzi

Procent ludzi z każdym wynikiem

Twoja historia wyników

Nie rozwiązałeś tego quizu